Movie Fights: Round 1! Quiz Stats

 Plays Quiz Updated Aug 13, 2016

Challenge
Share
Tweet
Score 0/25 Timer 07:00
1 Play Today
% Correct
Gladiator
91%
Spider-Man
90.6%
Star Wars: Episode III - Revenge of the Sith
90.6%
Deadpool
90.4%
The Matrix Revolutions
89.3%
Raiders of the Lost Ark
86.5%
Fight Club
83.8%
Skyfall
81.2%
Alien vs. Predator
79.9%
Raging Bull
78.8%
Harry Potter and the Order of the Phoenix
78.6%
Kick-Ass
77.4%
X-Men: The Last Stand
76.7%
% Correct
Blade II
75.3%
Freddy vs Jason
75.2%
Sherlock Holmes
74.7%
Inception
71.8%
Transporter 3
64.6%
Pacific Rim
60.6%
Guardians of the Galaxy
59.7%
Shanghai Knights
56.7%
Roadhouse
55.2%
Scott Pilgrim vs. the World
54.5%
Snatch
51.9%
The Warriors
45%

You're not logged in!

Compare scores with friends on all Sporcle quizzes.
OR
Log In

You Might Also Like...

Show Comments

Extras

Top Quizzes Today


Score Distribution

Your Account Isn't Verified!

In order to create a playlist on Sporcle, you need to verify the email address you used during registration. Go to your Sporcle Settings to finish the process.

Report this User

Report this user for behavior that violates our Community Guidelines.

Details: